<?xml version="1.0" encoding="UTF-8"?>
<record
    xmlns:xsi="http://www.w3.org/2001/XMLSchema-instance"
    xsi:schemaLocation="http://www.loc.gov/MARC21/slim http://www.loc.gov/standards/marcxml/schema/MARC21slim.xsd"
    xmlns="http://www.loc.gov/MARC21/slim">

  <leader>00880nam a22002537a 4500</leader>
  <controlfield tag="005">20170123162345.0</controlfield>
  <datafield tag="010" ind1=" " ind2=" ">
    <subfield code="a">A-518710</subfield>
  </datafield>
  <datafield tag="020" ind1=" " ind2=" ">
    <subfield code="c">90.00</subfield>
  </datafield>
  <datafield tag="035" ind1=" " ind2=" ">
    <subfield code="a">A-518710</subfield>
  </datafield>
  <datafield tag="037" ind1=" " ind2=" ">
    <subfield code="b">Cen Lib/Ret</subfield>
  </datafield>
  <datafield tag="040" ind1=" " ind2=" ">
    <subfield code="a">DPL</subfield>
    <subfield code="b">UR</subfield>
  </datafield>
  <datafield tag="082" ind1=" " ind2=" ">
    <subfield code="a">270.32</subfield>
    <subfield code="b">&#x631;&#x636; &#x648; </subfield>
  </datafield>
  <datafield tag="100" ind1=" " ind2=" ">
    <subfield code="a">&#x631;&#x636;&#x648;&#x6CC;&#x60C; &#x633;&#x6CC;&#x62F; &#x627;&#x644; &#x627;&#x62D;&#x645;&#x62F; </subfield>
    <subfield code="9">130576</subfield>
  </datafield>
  <datafield tag="245" ind1=" " ind2=" ">
    <subfield code="a">&#x645;&#x630;&#x6C1;&#x628; &#x627;&#x644;&#x6CC;&#x645;&#x6CC;&#x646; &#x62A;&#x630;&#x6A9;&#x631;&#x6C1; &#x62E;&#x6CC;&#x631;&#x627;&#x644;&#x627;&#x646;&#x627;&#x645; /</subfield>
    <subfield code="c">&#x633;&#x6CC;&#x62F; &#x627;&#x644; &#x627;&#x62D;&#x645;&#x62F; &#x631;&#x636;&#x648;&#x6CC; </subfield>
  </datafield>
  <datafield tag="246" ind1=" " ind2=" ">
    <subfield code="a">Mazhabi alimeen tazkira khairalanam /</subfield>
    <subfield code="b">by Sayed Al Ahmad Rizvi </subfield>
  </datafield>
  <datafield tag="260" ind1=" " ind2=" ">
    <subfield code="a">&#x627;&#x633;&#x644;&#x627;&#x645;&#x628;&#x627;&#x62F; </subfield>
    <subfield code="b">&#x645;&#x648;&#x688;&#x631;&#x646; &#x628;&#x6A9; &#x688;&#x67E;&#x648; </subfield>
    <subfield code="c">1991</subfield>
  </datafield>
  <datafield tag="270" ind1=" " ind2=" ">
    <subfield code="b">&#x627;&#x633;&#x644;&#x627;&#x645;&#x628;&#x627;&#x62F; </subfield>
    <subfield code="a">&#x627;&#x628; &#x67E;&#x631; </subfield>
    <subfield code="e">110066</subfield>
  </datafield>
  <datafield tag="300" ind1=" " ind2=" ">
    <subfield code="a">224p.</subfield>
    <subfield code="c">21cm(Hb)</subfield>
  </datafield>
  <datafield tag="650" ind1=" " ind2=" ">
    <subfield code="a">&#x645;&#x630;&#x6C1;&#x628; -- &#x627;&#x633;&#x644;&#x627;&#x645; </subfield>
    <subfield code="9">130577</subfield>
  </datafield>
  <datafield tag="650" ind1=" " ind2=" ">
    <subfield code="a">&#x627;&#x633;&#x644;&#x627;&#x645;&#x6CC; &#x67E;&#x648;&#x631;&#x627;&#x646;&#x6CC;&#x6A9;</subfield>
    <subfield code="9">111697</subfield>
  </datafield>
  <datafield tag="650" ind1=" " ind2=" ">
    <subfield code="a">Religion -- Islam</subfield>
    <subfield code="9">92070</subfield>
  </datafield>
  <datafield tag="650" ind1=" " ind2=" ">
    <subfield code="a">Islamic mitheology</subfield>
    <subfield code="9">130578</subfield>
  </datafield>
  <datafield tag="942" ind1=" " ind2=" ">
    <subfield code="2">ddc</subfield>
    <subfield code="c">UR</subfield>
    <subfield code="h">270.32</subfield>
    <subfield code="m">&#x631;&#x636; &#x648; </subfield>
  </datafield>
  <datafield tag="999" ind1=" " ind2=" ">
    <subfield code="c">108830</subfield>
    <subfield code="d">108830</subfield>
  </datafield>
  <datafield tag="952" ind1=" " ind2=" ">
    <subfield code="0">0</subfield>
    <subfield code="1">0</subfield>
    <subfield code="4">0</subfield>
    <subfield code="7">0</subfield>
    <subfield code="a">L</subfield>
    <subfield code="b">L</subfield>
    <subfield code="d">2016-02-05</subfield>
    <subfield code="e">Cen Lib/Ret</subfield>
    <subfield code="g">90.00</subfield>
    <subfield code="l">0</subfield>
    <subfield code="o">270.32 &#x631;&#x636; &#x648;</subfield>
    <subfield code="p">A-518710</subfield>
    <subfield code="r">2016-02-05 00:00:00</subfield>
    <subfield code="t">1</subfield>
    <subfield code="v">90.00</subfield>
    <subfield code="w">2016-02-05</subfield>
    <subfield code="y">UR</subfield>
  </datafield>
</record>
